Регионална библиотека "Любен Каравелов" - Русе

Книга на символите (Запис номер 101903)

MARC детайли
000 -Лидер
Контролно поле с фиксирана дължина 01754nam a2200409 c 4500
003 - Код на организацията, давaща контролен номер
Контролно поле BLK
005 - Дата и час на последна редакция
Контролно поле 20240213140224.0
008 - Елементи от данни с фиксирана дължина
fixed length control field 180409b bul|||||r ||||||| ||bul||
010 ## - Наследен системен номер
LC control number KNG00106960000
020 ## - Международен стандартен номер на книга ISBN
Международен стандартен номер на книга ISBN 954-775-200-6
-- издат.: Фабер
040 ## - Източник на каталожния запис
Идентификатор на билиотеката - собственик на записа BLK
041 ## - Код за език
Код за езика на текст/звукозапис или на отделно заглавие Български
Код за езика КДБФ Български
080 ## - УДК
Текстов определител УДК Писменост. Системи на писмо. Знаци и символи. Кодове. Графическо представяне на мисълта. Вж и 744. 9; 801. Семиотика(общи въпр. )
УДК код - определител по УДК 003
УДК определител (035)
УДК - код + определител 003(035)
100 1# - Редна дума - Автор
Автор Влайков, Светлозар Методиев
Авторска отговорност първи автор
R(LIN) 308978
139 ## - Редно поле
Редна дума Влайков, Светлозар Методиев
Авторски знак Влайков - В 71
245 10 - Сведения за заглавието
Заглавие Книга на символите
Редно поле (дума) Светлозар Методиев Влайков; худож. Силвия Добринова Калоянова.
257 ## - Страна на издаване
Страна на създаване/издаване България
260 ## - Област на издателските данни
-- В. Търново
Име на издателя, разпространителя и проч. Фабер
Година на издаване 2003
300 ## - Физическа характеристика
Страници 235 с.
Илюстрации и др. с ил., 2 л. цв. прил.
Размери/Мащаб 24 см
380 ## - Жанр
Жанр Общ отдел
500 ## - Общи забележки
Забележка Офс. изд. - Библиогр. с. 233-234.
504 ## - Забележка за наличие на библиография и др
Забележка за наличие на библиография и под. 233-234
590 ## - Забележки на библиотеката, притежаваща документа (RLIN)
Служебно ф
650 #4 - Допълнително описание по предмет – тема
Основно описание – тема или топоним Символи и знаци - енциклопедии, речници и справочници
9 (RLIN) 253793
650 #4 - Допълнително описание по предмет – тема
Основно описание – тема или топоним Семиотика
9 (RLIN) 170840
653 ## - Ключова дума – ненормативна
Ключова дума символи
653 ## - Ключова дума – ненормативна
Ключова дума знаци
653 ## - Ключова дума – ненормативна
Ключова дума справочници
653 ## - Ключова дума – ненормативна
Ключова дума семиотика
700 1# - Други автори (авторска отговорност)
Лично име Калоянова, Силвия Добринова
Автороска отговорност (Описва отношението между автора и произведението) худож.
9 (RLIN) 372061
852 ## - Местоположение
Форматна сигнатура Цб 215261
856 4# - Електронен адрес и достъп
Електронен формат pdf - файл
Път до файла /url/
856 4# - Електронен адрес и достъп
Електронен формат pdf - файл
Път до файла /url/
942 ## - АРТИКУЛИ
Вид на библиотечния материал Книги
Скрит в OPAC Не
Koha issues (borrowed), all copies 4
944 ## - СЪЗДАВАНЕ И РЕДАКЦИЯ на ЗАПИСА
Създаване/Редакция Създаване
Дата на регистрацията/редакция 09.07.2003
Статус, дата на статуса Ива Цветкова
Служител, извършил регистрацията/редакцията 30543
944 ## - СЪЗДАВАНЕ И РЕДАКЦИЯ на ЗАПИСА
Създаване/Редакция Редакция
Дата на регистрацията/редакция 09.11.2012
Статус, дата на статуса ф /
Служител, извършил регистрацията/редакцията
999 ## - СИСТЕМНИ КОНТРОЛНИ НОМЕРА
Koha biblionumber 101903
Koha biblioitemnumber 101903
Наличности
Код за отписване Код за изгубен артикул Източник на класификационната схема Код за повреда Коз за рестрикции Код за отдаване Артикулен № Име на библиотеката - собственик Име на библиотеката, в която се намира в момента Статус (Текущо местоположение) Дата на вписване в системата Местоположение - отдел Цена в лева Инвентарен номер Систематично азбучна сигнатура Баркод Номер на екземпляра Цена в евро Служебна бележка Служебен тип на артикула
  Не е изгубен Universal Decimal Classification Не е повреден само за читалня ползва се в читалня 164639 Регионална библиотека "Любен Каравелов" Русе Регионална библиотека "Любен Каравелов" Русе Хранилище 2004-09-14 Основен фонд - ползва се само за читалня 12.00 120000688387 Цб 298600 120000688387 1 6.14 Дост: Pk Вид: Ф N: 8882 Дата: 03.09.2004 Дата инв: 15.02.2018 Бележки инв: СП2018 Книги
  Не е изгубен Universal Decimal Classification Не е повреден без рестрикции ползва се в читалня 164640 Регионална библиотека "Любен Каравелов" Русе Регионална библиотека "Любен Каравелов" Русе Читалня - справочен фонд 2008-10-16 Читалня 12.00 120000730572 СЧ 00/В 71 120000730572 2 6.14 Дост: Pk Вид: Ф N: 8704 Дата: 14.10.2008 Дата инв: 21.03.2017 Бележки инв: СЧ2017 Книги
  Не е изгубен Universal Decimal Classification Не е повреден без рестрикции ползва се в читалня 164641 Регионална библиотека "Любен Каравелов" Русе Регионална библиотека "Любен Каравелов" Русе Изкуство - справочен фонд 2012-10-22 Изкуство - справочен фонд 12.00 120000760618 СИ 0/В 71 120000760618 3 6.14 Дост: DA Вид: А N: 19 Дата: 19.10.2012 Дата инв: 15.06.2017 Бележки инв: СИ2017 Книги
Vip Innovations Ltd, Rousse, Bulgaria 2025